000
00225 a2200097 4500
001
23149
100
_a
Qureshi, A I
245
_a
Third Five Year Plan & Other Papers
260
_a
_b
Pak Ecs Asso
_c
1965
090
_c
15689
_d
15689
942
_a
NUST-CAE
_c
M
_c
6323
999
_c
258222
_d
258222